Antologi puisi dwibahasa : khalwat

Bibliographic Details
Main Author: Teo Wei Sing
Other Authors: Lew Zhi Fui
Format: Book
Published: Selangor : Pekan Ilmu Publications Sdn. Bhd. , 2017
Subjects:

MARC

LEADER 00000cam a2200000 7i4500
001 0000081731
005 20190304.0
008 190102
020 |a 9789674380397 
041 0 |a Malay 
090 0 0 |a 899.231   |b TEO 
100 0 |a Teo Wei Sing 
245 0 0 |a Antologi puisi dwibahasa :   |b khalwat   |c Teo Wei Sing 
260 |a Selangor :   |b Pekan Ilmu Publications Sdn. Bhd. ,   |c 2017 
300 |a 120p. ;   |c 21.5cm. 
541 0 0 |c Purchased on 2018   |f 2018/11 IBZ   |h RM12.90 
650 0 |a Malay poetry 
650 0 |a Sajak 
700 0 |a Lew Zhi Fui 
999 |a 0001548943   |b Book   |c Adult Collection   |e Cawangan Bukit Gambir 
999 |a 0001548944   |b Book   |c Adult Collection   |e Cawangan Tmn. Ungku Tun Aminah 
999 |a 0001548945   |b Book   |c Adult Collection   |e Cawangan Sri Merlong 
999 |a 0001548946   |b Book   |c Adult Collection   |e Cawangan Bandar Penawar 
999 |a 0001548947   |b Book   |c Adult Collection   |e Cawangan Mersing 
999 |a 0001548948   |b Book   |c Adult Collection   |e Cawangan Kota Tinggi 
999 |a 0001548949   |b Book   |c Adult Collection   |e Cawangan Bandar Tenggara 
999 |a 0001548950   |b Book   |c Adult Collection   |e Cawangan Muar 
999 |a 0001548951   |b Book   |c Adult Collection   |e Cawangan Segamat 
999 |a 0001548952   |b Book   |c Adult Collection   |e Cawangan Tangkak 
999 |a 0001548953   |b Book   |c Adult Collection   |e Cawangan Batu Pahat 
999 |a 0001548954   |b Book   |c Adult Collection   |e Cawangan Taman Sri Lambak 
999 |a 0001548955   |b Book   |c Adult Collection   |e Cawangan Pontian 
999 |a 0001549055   |b Book   |c Adult Collection   |e Perbadanan Perpustakaan Awam Johor 
999 |a 0001549056   |b Book   |c Adult Collection   |e Perbadanan Perpustakaan Awam Johor 
999 |a 0001549057   |b Book   |c Adult Collection   |e Cawangan Urban Transformation Centre 
999 |a 0001549058   |b Book   |c Adult Collection   |e Cawangan AEON Kulaijaya